000 01240cam a2200133 4500500
005 20251214002554.0
041 _afre
042 _adc
100 1 0 _aBozzetto, Roger
_eauthor
245 0 0 _aLa science-fiction
260 _bArmand Colin,
_c2007.
520 _aLa science-fiction propose des récits où les aventures des personnages dessinent, sous une forme réaliste, des mondes imaginaires. Ceux-ci, dérivés d’hypothèses ou d’inventions, s’accordent avec une conception du monde où sciences et techniques jouent un rôle déterminant. Les romans de science-fiction prennent pour point de départ le monde actuel ou une phase de son histoire. Ils en extrapolent les lignes narratives, permettant alors une interrogation critique ou simplement ludique sur le sentiment que nous avons de la réalité ou de la norme. Cet ouvrage présente un large éventail de cette littérature des « mondes possibles ». Il en décrit les racines et les évolutions, les thèmes et les principaux auteurs, ainsi que son influence sur le cinéma et la télévision. La science-fiction est un monde, c’est aussi le nôtre.
856 4 1 _uhttps://shs.cairn.info/la-science-fiction--9782200347178?lang=fr&redirect-ssocas=7080
999 _c1567141
_d1567141